| 000 | 00786cam a2200265 a 4500 | ||
|---|---|---|---|
| 001 | 000003791 | ||
| 003 | DO-SdBNP | ||
| 005 | 20220721113243.0 | ||
| 007 | ta | ||
| 008 | 920720s1993 sp 000 f spa | ||
| 020 | _a840801028x | ||
| 040 |
_aDO-SdBNP _bspa _dBNPHU _cBNPHU |
||
| 041 | 1 | 7 |
_aspa _heng |
| 082 | 4 |
_a813.54 _bP317g _222 |
|
| 100 | 1 |
_aPatterson, Richard North, _d1947- _911519 |
|
| 245 | 1 | 0 |
_aGrado de culpabilidad / _cRichard North Patterson ; traductor,Antonio Padilla. |
| 260 |
_aBarcelona, EspaƱa : _bPlaneta, _c1993. |
||
| 300 |
_a[511] p. ; _c23 cm. |
||
| 590 | _aInvnetariado 2022 / MF | ||
| 650 | 4 |
_aNovela estadounidense _9262 |
|
| 650 | 4 |
_aLiteratura estadounidense _9263 |
|
| 700 | 1 |
_aPadilla, Antonio, _etr. _911520 |
|
| 910 | _aMFeliz | ||
| 942 |
_2ddc _cLBS1 |
||
| 999 |
_c3613 _d3613 |
||